Statistics for General Knowledge Quiz #68

Click here to take the quiz!

General Stats

  • This quiz has been taken 81,846 times
    (59,355 since last reset)
  • The average score is 12 of 20

Answer Stats

QuestionAnswer% Correct
What measurement is half the diameter of a circle?Radius
89%
What is a female deer called?a Doe
87%
Which chess piece is usually represented by a horse's head and neck?Knight
81%
In addition to New York, London and Paris, what city is considered a "fashion capital"?Milan
81%
Who ate porridge that was too hot, too cold, and just right?Goldilocks
75%
What ingredient gives pesto its green color?Basil
72%
Who was the voice of Woody in "Toy Story"?Tom Hanks
70%
What is Hinduism's holiest river?Ganges
66%
What event was the song "Waka Waka" written for?2010 FIFA World Cup
64%
Who is Austin Power's nemesis?Dr. Evil
59%
What port city was connected to Manchester by the world's first inter-city railway?Liverpool
57%
Who invented the lightning rod?Benjamin Franklin
55%
What country was formerly called the Dutch East Indies?Indonesia
55%
What is the world's southernmost national capital?Wellington
54%
In what modern-day country did the Battle of Gallipoli take place?Turkey
52%
What beverage did the British Navy stop giving out with rations in 1970?Rum
49%
What singer was called "The Chairman of the Board" and "Ol' Blue Eyes"?Frank Sinatra
46%
What are Hatha, Bikram, and Iyengar?Types of {Yoga}
34%
In what country would you find the cities of Espoo, Tampere, and Vantaa?Finland
26%
What are the next four letters following OTTFFSSENT?ETTF
21%

Score Distribution

Percentile by Number Answered

Percent of People with Each Score

Your Score History

You have not taken this quiz since the last reset